000 02527nam a2200241Ia 4500
003 Ost
005 20260507075726.0
008 260507s9999||||xx |||||||||||||| ||und||
020 _a7076102977
040 _cfsecg
041 _aara
082 _a332.6
100 _aرزق، عادل محمد
_eمؤلف
245 0 _aالاستثمارات في البنوك والمؤسسات المالية :
_bمن منظور اداري ومحاسبي /
_c عادل محمد رزق
260 _aالقاهرة:
_bدار طبية للنشر والتوزيع والتجهيزات العلمية,
_c2004
300 _a307 صفحة؛
_c24 سم
504 _aبيبليوغرافيا : ص.287-307
520 _aفي هذا الكتاب : مقدمة الباب الأول : الاستثمارات المالية في البنوك والمؤسسات المالية المشابهة الفصل الأول : مفهوم الاستثمار في الفكر المحاسبى والإدارى : الفصل الثاني : تحليل الدراسات السابقة في مجال المعايير المحاسبية المؤثرة على قررات الاستثمارات المالية : الفصل الثالث : الإدارة الإستراتيجية لمخاطر الاستثمار : الفصل الرابع : الأدوات المالية المبتكرة الباب الثاني : أسس تقييم الاستثمارات المالية الفصل الأول : تقييم الاستثمارات في ضوء معايير المحاسبة المصرية والدولية والامريكية : الفصل الثاني : تقييم الاستثمارات المالية في البنوك في ضوء القواعد الصادرة من البنك المركزى المصرى : الفصل الثالث : البنوك الشاملة وشركات تداول الأوراق المالية الباب الثالث : الإفصاح في البنوك والمؤسسات المالية المشابهة الفصل الأول : متطلبات الإفصاح العادل للقوائم المالية : الفصل الثاني : الإفصاح في البنوك في ضوء معايير المحاسبة والقواعد الصادرة من البنك المركزى : الفصل الثالث : الإفصاح عن الأدوات المالية المبتكرة : الفصل الرابع : التوصيات والخلاصة.
653 _aالاستثمار
653 _aالبنوك
653 _aالمحاسبة
942 _cكتاب
999 _c45982
_d45982